| 000 | 00837cam a22002653a 4500 | ||
|---|---|---|---|
| 001 | 14661 | ||
| 003 | PGUSA | ||
| 005 | 20140828083319.0 | ||
| 008 | 050110s2005||||xxu|||||s|||||000 | eng d | ||
| 040 |
_aPGUSA _beng |
||
| 042 | _adc | ||
| 050 | 4 | _aBX | |
| 100 | 1 |
_aKearns, Thomas, _d1862-1918 |
|
| 245 | 1 | 0 |
_aConditions in Utah : _bSpeech of Hon. Thomas Kearns of Utah, in the Senate of the United States _h[electronic resource] / _cThomas Kearns |
| 260 |
_bProject Gutenberg, _c2005 |
||
| 506 | _aPublic domain in the USA. | ||
| 516 | _aElectronic text | ||
| 653 | _aChurch and state -- Mormon Church | ||
| 653 | _aSpeeches, addresses, etc., American | ||
| 653 | _aUtah -- Politics and government | ||
| 653 | _aMormons | ||
| 830 | 0 |
_aProject Gutenberg _v14661 |
|
| 856 | 4 | 0 | _uhttp://www.gutenberg.org/ebooks/14661 |
| 942 | _cEB | ||
| 999 |
_c243916 _d243916 |
||